A organização do sistema de controle interno municipal / (Record no. 1093)

MARC details
000 -LÍDER
Campo Fixo de Controle 01029nam a2200277 a 4500
001 - NÚMERO DE CONTROLE
Campo de Controle 1093
003 - IDENTIFICAÇÃO DO NÚMERO DE CONTROLE
Campo de Controle BR-CuiBMT
005 - DATA E HORA DA ÚLTIMA ATUALIZAÇÃO
Campo de Controle 20231128180732.0
008 - DADOS FIXOS
Dados Fixos 231121s2007 rsba 000 0 por d
020 ## - INTERNATIONAL STANDARD BOOK NUMBER
Nº do ISBN 9788522447015
040 ## - AGÊNCIA CATALOGADORA
Agência que transcreveu o registro BR-CuiBMT
Código da Agência Catalogadora BR-CuiBMT
080 ## - Nº DA CLASSIFICAÇÃO DECIMAL UNIVERSAL
Nº edição CDU 2007
Nº Class. CDU 351.9:352
Subd. Auxiliar Comum (816.5)
090 ## - NÚMERO DE CHAMADA
Nº classificação 351.9:352(816.5)
Cutter C376o
Ano/Edição 4. ed.
100 1# - ENTRADA PRINCIPAL -- AUTOR PESSOAL
Nome pessoal Cavalheiro, Jader Branco
245 12 - TÍTULO PRINCIPAL
Título principal A organização do sistema de controle interno municipal /
Indicação de responsabilidade Jader Branco Cavalheiro, Paulo Cesar Flores.
250 ## - EDIÇÃO
Edição 4. ed., rev. e atual.
260 ## - PUBLICAÇÃO, DISTRIBUIÇÃO, ETC.
Local de publicação Porto Alegre :
Editora Conselho Regional de Contabilidade do Rio Grande do Sul,
Data 2007.
300 ## - DESCRIÇÃO FÍSICA
N. páginas ou volumes 83 p. :
Ilustrações il. ;
Dimensões 22 cm
504 ## - NOTA DE BIBLIOGRAFIA, ETC.
Nota de bibliografia Inclui bibliografia.
650 ## - ASSUNTO TÓPICO
Cabeçalho tópico ou nome geográfico Finanças municipais
Subdivisão geográfica Rio Grande do Sul
650 ## - ASSUNTO TÓPICO
Cabeçalho tópico ou nome geográfico Auditoria interna
Subdivisão geográfica Rio Grande do Sul
650 ## - ASSUNTO TÓPICO
Cabeçalho tópico ou nome geográfico Administração municipal
Subdivisão geral Controle
Subdivisão geográfica Rio Grande do Sul
700 1# - ENTRADA SECUNDÁRIA -- NOME PESSOAL
Nome pessoal Flores, Paulo Cesar
710 1# - ENTRADA SECUNDÁRIA -- ENTIDADE
Nome da entidade ou lugar Associação dos Membros dos Tribunais de Contas do Brasil - Atricon
942 ## - ELEMENTOS DE ENTRADA ADICIONAIS (KOHA)
Fonte de classificação ou esquema de arquivamento Classificação Decimal Universal
Tipo de item do Koha Livros
Holdings
Estado: removido Estado: perdido Fonte de classificação ou esquema de arquivamento Estado: danificado Indisponível para empréstimo Localização permanente Localização atual Data de aquisição Total Checkouts Número de Chamada completo Código de barras Date last seen Número do exemplar Preço efetivo a partir de Tipo de item (Koha)
    Classificação Decimal Universal     Biblioteca da Escola Superior de Contas do TCE/MT Biblioteca da Escola Superior de Contas do TCE/MT 28/11/2023   351.9:352(816.5) C376o 4. ed. BIBTCEMT23111257 28/11/2023 Ex. 1 28/11/2023 Livros
    Classificação Decimal Universal     Biblioteca da Escola Superior de Contas do TCE/MT Biblioteca da Escola Superior de Contas do TCE/MT 29/11/2023   351.9:352(816.5) C376o 4. ed. BIBTCEMT23111304 29/11/2023 Ex. 2 29/11/2023 Livros

Powered by Koha